Southville International School and Colleges
Your cart is empty.
  • Cart
  • Lists
    Public lists Eva Luna New books Lux_list list_1
    Your lists Log in to create your own lists
  • Log in to your account
  • Your cookies
  • Search history
Southville International School and Colleges
  • Advanced search
  • Recent comments
  • Most popular
  • Libraries

Log in to your account

Log in with GOOGLE


If you do not have an external account, but do have a local account, you can still log in:

  1. Home
  2. MARC view: Red storm rising /
Normal view MARC view ISBD view

Red storm rising / (Record no. 10772)

[ view plain ]
MARC details
000 -LEADER
fixed length control field 00992nim a2200325 a 4500
001 - CONTROL NUMBER
control field 5628572
003 - CONTROL NUMBER IDENTIFIER
control field OSt
005 - DATE AND TIME OF LATEST TRANSACTION
control field 20140310182225.0
007 - PHYSICAL DESCRIPTION FIXED FIELD--GENERAL INFORMATION
fixed length control field ssulunjlcnnnu
008 - FIXED-LENGTH DATA ELEMENTS--GENERAL INFORMATION
fixed length control field 911114s1986 nyunnn f eng
010 ## - LIBRARY OF CONGRESS CONTROL NUMBER
LC control number 91740928
028 02 - PUBLISHER NUMBER
Publisher number 88393
Source Warner Audio Pub.
040 ## - CATALOGING SOURCE
Original cataloging agency DLC
Transcribing agency DLC
050 10 - LIBRARY OF CONGRESS CALL NUMBER
Classification number PZ 7
Item number .C587 1987
082 ## - DEWEY DECIMAL CLASSIFICATION NUMBER
Classification number FIC
Item number C52r 1986
100 1# - MAIN ENTRY--PERSONAL NAME
Personal name Clancy, Tom,
Dates associated with a name 1947-
9 (RLIN) 17645
245 10 - TITLE STATEMENT
Title Red storm rising /
Statement of responsibility, etc by Tom Clancy.
260 ## - PUBLICATION, DISTRIBUTION, ETC. (IMPRINT)
Place of publication, distribution, etc New York, N.Y. :
Name of publisher, distributor, etc Jack Ryan Enterprises Ltd.,
Date of publication, distribution, etc c1987.
300 ## - PHYSICAL DESCRIPTION
Extent 725 p. :
Dimensions 18 cm.
500 ## - GENERAL NOTE
General note An audio presentation of the novel.
511 0# - PARTICIPANT OR PERFORMER NOTE
Participant or performer note Read by F. Murray Abraham.
521 ## - TARGET AUDIENCE NOTE
Target audience note
Source Lexile
526 ## - STUDY PROGRAM INFORMATION NOTE
Reading level 0L to 1700L
541 ## - IMMEDIATE SOURCE OF ACQUISITION NOTE
-- 1
650 #0 - SUBJECT ADDED ENTRY--TOPICAL TERM
Topical term or geographic name as entry element World War III
General subdivision Fiction.
9 (RLIN) 17646
650 #0 - SUBJECT ADDED ENTRY--TOPICAL TERM
Topical term or geographic name as entry element Imaginary wars and battles
General subdivision Fiction.
9 (RLIN) 17647
700 1# - ADDED ENTRY--PERSONAL NAME
Personal name Abraham, F. Murray.
Relator code prf
9 (RLIN) 17648
906 ## - LOCAL DATA ELEMENT F, LDF (RLIN)
a 7
b cbc
c orignew
d 2
e ncip
f 19
g y-genmusic
942 ## - ADDED ENTRY ELEMENTS (KOHA)
Source of classification or shelving scheme Library of Congress Classification
Koha item type
Call number prefix
Holdings
Withdrawn status Lost status Source of classification or shelving scheme Damaged status Home library Current library Shelving location Date acquired Total Checkouts Full call number Barcode Date last seen Copy number Price effective from Koha item type
    Library of Congress Classification   Luxembourg Library Luxembourg Library Fiction Section 09/10/2013   PZ 7 .C587 1987 11600 09/10/2013 1 09/10/2013 Books

Red storm rising /

APA

Clancy T., Abraham F. M., . (1987). Red storm rising. New York, N.Y: Jack Ryan Enterprises Ltd.

Chicago

Clancy Tom, Abraham F Murray, . 1987. Red storm rising. New York, N.Y: Jack Ryan Enterprises Ltd.

Harvard

Clancy T., Abraham F. M., . (1987). Red storm rising. New York, N.Y: Jack Ryan Enterprises Ltd.

MLA

Clancy Tom, Abraham F Murray, . Red storm rising. New York, N.Y: Jack Ryan Enterprises Ltd. 1987.

  • Place hold
  • Print
  • Cite
  • Add to your cart (remove)
  • Save record
    BIBTEX Dublin Core MARCXML MARC (non-Unicode/MARC-8) MARC (Unicode/UTF-8) MARC (Unicode/UTF-8, Standard) MODS (XML) RIS
  • More searches
    Search for this title in:
    Other Libraries (WorldCat) Other Databases (Google Scholar) Online Stores (Bookfinder.com) Open Library (openlibrary.org)

Exporting to Dublin Core...

SOUTHVILLE LIBRARY

Southville International School and Colleges Library

1281 Tropical Ave. Cor. Luxembourg St., BF Homes International, Las Pinas City

Tel. No. 8256374 / 252358 Loc. 117/146

Powered by Koha